| 000 | 00537nam a22001817a 4500 | ||
|---|---|---|---|
| 005 | 20231117091706.0 | ||
| 008 | 231117b |||||||| |||| 00| 0 eng d | ||
| 020 | _a0702159069 | ||
| 041 | _aEnglish | ||
| 082 | _a343.7 COM | ||
| 100 |
_aBrassey, M et al. _lEnglish |
||
| 245 |
_aCompetition Law / _cM Brassey et al. |
||
| 250 | _aFirst Edition | ||
| 260 |
_aCape Town : _bJuta and Company Ltd, _c2002 |
||
| 300 |
_bxxxii, 373 pages ; _c25,5 cm. |
||
| 650 |
_aLegal practice _bLaw |
||
| 942 |
_cBK _6ALISON_BN_VRIES |
||
| 999 |
_c756 _d756 |
||